Olaverri (Record no. 180964)

MARC details
000 -LEADER
campo de control de longitud fija 00759nam a2200217 i 4500
001 - NÚMERO DE CONTROL
campo de control 180964
003 - IDENTIFICADOR DE NÚMERO DE CONTROL
campo de control ES-MaACL
005 - FECHA Y HORA DE LA ÚLTIMA TRANSACCIÓN
campo de control 20230906221230.0
008 - DATOS DE LONGITUD FIJA--INFORMACIÓN GENERAL
campo de control de longitud fija 120913q19951999sp |||| | spa d
080 ## - NÚMERO DE LA CLASIFICACIÓN DECIMAL UNIVERSAL
Número de la Clasificación Decimal Universal 75 Olaverri, Lorenzo
100 1# - ENTRADA PRINCIPAL--NOMBRE DE PERSONA
Nombre de persona Olaverri, Lorenzo.
9 (RLIN) 151415
245 10 - MENCIÓN DEL TÍTULO
Título Olaverri
Resto del título : misterios dolorosos.
260 ## - PUBLICACIÓN, DISTRIBUCIÓN, ETC.
Lugar de publicación, distribución, etc. Madrid :
Nombre del editor, distribuidor, etc. [s.n.],
Fecha de publicación, distribución, etc. [199-?]
300 ## - DESCRIPCIÓN FÍSICA
Extensión [8] p. :
Otras características físicas il. ;
Dimensiones 21 cm.
500 ## - NOTA GENERAL
Nota general Folleto de la exposición celebrada en el Comodor "Ave María", Familia Trinitaria en Madrid, del 13 de mayo al 15 de junio de 199-?
600 14 - PUNTO DE ACCESO ADICIONAL DE MATERIA--NOMBRE DE PERSONA
Nombre de persona Olaverri, Lorenzo-
Subdivisión de forma Exposiciones.
9 (RLIN) 151416
655 #7 - TERMINO DE INDIZACIÓN--GENERO/FORMA
Fuente del término tgfbne
9 (RLIN) 193628
Datos o término principal de género/forma Catálogos de exposiciones
852 ## - LOCALIZACIÓN
Ubicación ES-MaACL
Número de control de estantería 2316-F-8
942 ## - ELEMENTOS DE ENTRADA SECUNDARIOS (KOHA)
Fuente del sistema de clasificación o colocación Clasificación decimal universal
Holdings
Estatus retirado Estado de pérdida Estado de daño No para préstamo Colección Biblioteca de origen Biblioteca actual Ubicación en estantería Fecha de adquisición Fuente de adquisición Total de préstamos Signatura topográfica completa Código de barras Visto por última vez Precio de reemplazo Tipo de ítem Koha
        Colección de folletos Biblioteca del Ateneo de Madrid Biblioteca del Ateneo de Madrid Depósito folletos 13/09/2012     2316-F-8 1190162 23/02/2023 23/02/2023 Folleto